Swamy's compilation of the revised leave rules (corrected upto 1st March, 1963) (Record no. 19269)

MARC details
000 -LEADER
fixed length control field 00348nam a2200121Ia 4500
082 ## - DEWEY DECIMAL CLASSIFICATION NUMBER
Classification number 347:331.817
Item number MUT;2
245 #0 - TITLE STATEMENT
Title Swamy's compilation of the revised leave rules (corrected upto 1st March, 1963)
250 ## - EDITION STATEMENT
Edition statement Ed.3
260 ## - PUBLICATION, DISTRIBUTION, ETC. (IMPRINT)
Place of publication New Delhi
Name of publisher Swamy
Year of publication 1963
700 ## - ADDED ENTRY--PERSONAL NAME
Personal name MUTHUSWAMY, P
942 ## - ADDED ENTRY ELEMENTS (KOHA)
Koha item type Books
Holdings
Withdrawn status Lost status Damaged status Not for loan Home library Current library Date acquired Full call number Accession Number Koha item type
        RRII Library RRII Library 16/12/2021 347:331.817 MUT;2 00007 Books